A luta pelo direito / (Record no. 1072)

MARC details
000 -LÍDER
Campo Fixo de Controle 00778nam a2200265 a 4500
001 - NÚMERO DE CONTROLE
Campo de Controle 1072
003 - IDENTIFICAÇÃO DO NÚMERO DE CONTROLE
Campo de Controle BR-CuiBMT
005 - DATA E HORA DA ÚLTIMA ATUALIZAÇÃO
Campo de Controle 20231128030508.0
008 - DADOS FIXOS
Dados Fixos 231128s1996 rjb 000 0 por d
020 ## - INTERNATIONAL STANDARD BOOK NUMBER
Nº do ISBN 8530901924
040 ## - AGÊNCIA CATALOGADORA
Código da Agência Catalogadora BR-CuiBMT
Agência que transcreveu o registro BR-CuiBMT
041 1# - CÓDIGO DO IDIOMA
Código do Idioma por
Idioma original germ
080 ## - Nº DA CLASSIFICAÇÃO DECIMAL UNIVERSAL
Nº edição CDU 2007
Nº Class. CDU 340.12
090 ## - NÚMERO DE CHAMADA
Nº classificação 340.12
Cutter J59l
Ano/Edição 16. ed.
100 1# - ENTRADA PRINCIPAL -- AUTOR PESSOAL
Nome pessoal Jhering, Rudolf von,
Datas associadas ao nome 1818-1892
240 14 - TÍTULO UNIFORME/ORIGINAL
Título original Der Kampf ums Recht
Idioma da publicação Português
245 12 - TÍTULO PRINCIPAL
Título principal A luta pelo direito /
Indicação de responsabilidade Rudolf Von Jhering ; [tradução João de Vasconcelos].
250 ## - EDIÇÃO
Edição 16. ed.
260 ## - PUBLICAÇÃO, DISTRIBUIÇÃO, ETC.
Local de publicação Rio de Janeiro :
Editora Forense,
Data 1998.
300 ## - DESCRIÇÃO FÍSICA
N. páginas ou volumes 88 p. ;
Dimensões 21 cm
504 ## - NOTA DE BIBLIOGRAFIA, ETC.
Nota de bibliografia Inclui bibliografia.
590 ## - NOTA LOCAL
Nota local A biblioteca possui 4. reimpr. 1998.
650 ## - ASSUNTO TÓPICO
Cabeçalho tópico ou nome geográfico Direito
Subdivisão geral Filosofia
942 ## - ELEMENTOS DE ENTRADA ADICIONAIS (KOHA)
Fonte de classificação ou esquema de arquivamento Classificação Decimal Universal
Tipo de item do Koha Livros
Holdings
Estado: removido Estado: perdido Fonte de classificação ou esquema de arquivamento Estado: danificado Indisponível para empréstimo Localização permanente Localização atual Data de aquisição Total Checkouts Número de Chamada completo Código de barras Date last seen Número do exemplar Preço efetivo a partir de Tipo de item (Koha) Nota pública
    Classificação Decimal Universal     Biblioteca da Escola Superior de Contas do TCE/MT Biblioteca da Escola Superior de Contas do TCE/MT 28/11/2023   340.12 J59l 16. ed. BIBTCEMT23111203 28/11/2023 Ex. 1 28/11/2023 Livros 4. reimpr. 1998

Powered by Koha